| 000 | 00000nam##2200000za#4500 |
| 001 | 9.625486 |
| 003 | CaOODSP |
| 005 | 20200421163404 |
| 007 | ta |
| 008 | 150406|2000||||xxc||||| f|0| 0 fre|d |
| 020 | |a0-662-85288-5 |
| 040 | |aCaOODSP|bfre |
| 043 | |an-cn--- |
| 086 | 1 |aNH18-22/100-113F |
| 110 | 2 |aSociété canadienne d'hypothèques et de logement. |
| 245 | 10|aDétermination de la diffusion de vapeur d'eau traversant la maçonnerie de brique traitée au moyen d'un produit d'étanchéité hydrofuge |
| 260 | |aOttawa - Ontario : |bSociété canadienne d'hypothèques et de logement |c2000. |
| 300 | |a4p. : |bill. ; |c28 cm. |
| 490 | 1 |aLe point en recherche. Série technique |v00-113 |
| 563 | |aDépliant |
| 590 | |a00-48|b2000-12-01 |
| 691 | 07|aMatériau de construction|2gcpds |
| 691 | 07|aBâtiment|2gcpds |
| 776 | 0#|tDétermination de la diffusion de vapeur d'eau traversant la maçonnerie de brique traitée au moyen d'un produit d'étanchéité hydrofuge / |w(CaOODSP)9.607730 |
| 830 | #0|aLe point en recherche. Série technique ;|v00-113|w(CaOODSP)9.513179 |
| 986 | |aLNH 2267 |